00341nam a2200121Ia 450000500170000000800410001708200130005810000190007124500320009026000280012230000130015050000560016320250318023755.0240331s9999 xx 000 0 und d bKRIa894 aKrishnasamy, P 0aJeyakanthan ilakkiya thadam aBangalorebKaavyac1997 a255 p ., aA collection of essays on Jayakanth and his writing